01256nam a2200181Ia 4500001001300000003001000013008004100023040002500064041000700089100003100096245008700127250001100214260004000225300001200265500071100277650005600988700003001044a1697-42987 IT-MiCISF161014s9999||||xx |||||||||||||| ||und|| aIT-MiCISFcIT-MiCISF ait aSoragni Simona (a cura di) 0aI diari degli angelibStorie di aborti spontanei raccolte nei forum di Mammeonline a1a ed. a FoggiabEditrice Mammeonlinec2004 app. 156 a / aborto, esperienze, vissuto-aborto / Questo libro colleziona una serie di diari, racconti dei dolorosi giorni dell'aborto e del modo in cui se ne è venute fuori. Racconti di ciò che è successo ma soprattutto delle emozioni vissute, improntati alla speranza, al pensiero che questi momenti si possono superare, e contengono anche i semi della rinascita: molti racconti, infatti non si fermano ai giorni dell'aborto, ma si concludono con una nuova gravidanza o con il coronamento del sogno di diventare mamme. Il libro riporta anche alcune informazioni tecniche sull'abortività, perché è importante non dover essere costrette ad accettare perdite prima di cercare di capire se qualcosa non va. a Genitorialità e problemi educativi / abortoe004 aTorlai Simona (a cura di)